Statistics for Dakota Fanning Filmography

Click here to take the quiz!

General Stats

  • This quiz has been taken 33 times
    (5 since last reset)
  • The average score is 37 of 76

Answer Stats

TypeYearName% Correct
TV Show2004Friends
100%
Film2005Hide and Seek
100%
Film2012The Twilight Saga: Breaking Dawn - Part 2
100%
Film2010The Twilight Saga: Eclipse
100%
Film2016American Pastoral
80%
Film2006Charlotte's Web
80%
Film2001I Am Sam
80%
Film2004Man on Fire
80%
TV Show2018-2020The Alienist
80%
Film2010The Runaways
80%
Film2008The Secret Life of Bees
80%
Film2009The Twilight Saga: New Moon
80%
Film2003Uptown Girls
80%
Film2014Every Secret Thing
60%
Film2005Nine Lives
60%
Film2018Ocean's 8
60%
Film2019Once Upon a Time in Hollywood
60%
Web Mini-Series2023Ripley
60%
Web Mini-Series2024Ripley
60%
Film2002Sweet Home Alabama
60%
Film2003The Cat in the Hat
60%
Film2023The Equalizer 3
60%
Film2024The Watchers
60%
Film2005War of the Worlds
60%
TV Show2000Ally McBeal
40%
Commercial2016-2017BMW
40%
Film2016Brimstone
40%
Short Film2012Celia
40%
Video Game2009Coraline
40%
Film2009Coraline
40%
TV Show2000CSI: Crime Scene Investigation
40%
Short Film2007Cutlass
40%
Film2005Dreamer
40%
Film2014Effie Gray
40%
TV Show2000ER
40%
TV Show2001Family Guy
40%
Short Film2001Father XMas
40%
TV Show2018-Presentgen:LOCK
40%
Film2002Hansel and Gretel
40%
Film2007Hounddog
40%
Documentary2004In the Realms of the Unreal
40%
TV Show2004Justice League Unlimited
40%
TV Film2003Kim Possible: A Sitch in Time
40%
Film2005Lilo & Stitch 2: Stitch Has a Glitch
40%
TV Show2001Malcolm in the Middle
40%
Film2005My Neighbor Totoro
40%
Film2013Night Moves
40%
Film2012Now Is Good
40%
Film2017Please Stand By
40%
Film2009Push
40%
TV Show2000Spin City
40%
TV Show2000Strong Medicine
40%
Film2019Sweetness in the Belly
40%
TV Mini-Series2002Taken
40%
Film2015The Benefactor
40%
TV Show2001The Ellen Show
40%
Short Film2016The Escape
40%
TV Show2001The Fighting Fitzgeralds
40%
TV Show2022The First Lady
40%
Film2013The Last of Robin Hood
40%
Film2012The Motel Life
40%
Web Mini-SeriesTBAThe Perfect Couple
40%
TV Show2000The Practice
40%
Film2001Tomcats
40%
Film2002Trapped
40%
Film2013Very Good Girls
40%
Film2014Viena and the Fantomes
40%
Film2020Viena and the Fantomes
40%
Film2009Winged Creatures
40%
Film2014Yellowbird
40%
Short Film2017Zygote
40%
Music Video2002Across the Universe
20%
Commercial2000Georgia Lottery
20%
Director2018Hello Apartment
20%
Commercial1999Tide
20%
TV Show2019Random Acts
0%

Score Distribution

Percentile by Number Answered

Percent of People with Each Score

Your Score History

You have not taken this quiz since the last reset